Statistiche per Paesi che Confinano con la Myanmar

Clicka qui per fare il quiz!

Statistiche generali

  • Questo quiz è stato fatto 2.367 volte
  • Il punteggio medio è 5 su 5

Risposte nella Mappa

Le risposte nella mappa del quiz sottostante sono codificate secondo una scala di colori dal rosso al verde in base alla % di persone che hanno risposto correttamente.
 

Statistiche sulle risposte

Paesi% Corretto
India
95%
Laos
95%
Thailandia
95%
Cina
94%
Bangladesh
90%

Distribuzione punteggi

Percentile per numero di risposta

Percentuale di utenti per punteggio

I tuoi punteggi nel tempo

Non hai fatto questo quiz